Statistics for 2022 NASCAR Cup Series Drivers

Click here to take the quiz!

General Stats

  • This quiz has been taken 12 times
  • The average score is 35 of 42

Answer Stats

#TeamAnswer% Correct
17R.F.K. RacingChris Buescher
100%
4Stewart-Haas RacingKevin Harvick
100%
4523XI RacingKurt Busch
100%
18Joe Gibbs RacingKyle Busch
100%
5Hendrick MotorsportsKyle Larson
100%
16*Kaulig RacingAJ Allmendinger
92%
48Hendrick MotorsportsAlex Bowman
92%
2Team PenskeAustin Cindric
92%
3Richard Childress RacingAustin Dillon
92%
6R.F.K. RacingBrad Keselowski
92%
2323XI RacingBubba Wallace
92%
14Stewart-Haas RacingChase Briscoe
92%
9Hendrick MotorsportsChase Elliott
92%
20Joe Gibbs RacingChristopher Bell
92%
99Team TrackhouseDaniel Suarez
92%
11Joe Gibbs RacingDenny Hamlin
92%
21Wood Brothers RacingHarrison Burton
92%
22Team PenskeJoey Logano
92%
31Kaulig RacingJustin Haley
92%
19Joe Gibbs RacingMartin Truex Jr
92%
34Front Row MotorsportsMichael McDowell
92%
1Team TrackhouseRoss Chastain
92%
12Team PenskeRyan Blaney
92%
42Petty GMS RacingTy Dillon
92%
24Hendrick MotorsportsWilliam Byron
92%
10Stewart-Haas RacingAric Almirola
83%
51Rick Ware RacingCody Ware
83%
41Stewart-Haas RacingCole Custer
83%
7Spire MotorsportsCorey LaJoie
83%
43Petty GMS RacingErik Jones
83%
15*Rick Ware RacingJJ Yeley
83%
47JTG Daughtery RacingRicky Stenhouse Jr
83%
8Richard Childress RacingTyler Reddick
83%
78Live Fast RacingBJ McLeod
75%
38Front Row MotorsportsTodd Gilliland
75%
44*NY RacingGreg Biffle
67%
16*Kaulig RacingDaniel Hemric
58%
15*Rick Ware RacingJoey Hand
50%
77*Spire MotorsportsJosh Bilicki
50%
77*Spire MotorsportsLandon Cassill
50%
15*Rick Ware RacingRyan Preece
50%
27*Team HezeburgLoris Hezemans
42%

Score Distribution

Percentile by Number Answered

Percent of People with Each Score

Your Score History

You have not taken this quiz